| 000 | 01005cam a2200265 i 4500 | ||
|---|---|---|---|
| 003 | SA-RiAUC | ||
| 005 | 20250506065843.0 | ||
| 008 | 250501s1988 sy g 00000 ara c | ||
| 040 |
_aSA-RIMASH _bara _cSA-RiAUC _erda |
||
| 043 | _aa-ye--- | ||
| 082 | 0 | 4 |
_a953.2 _qSA-RiAUC |
| 090 |
_a953.2 _bع م ر |
||
| 100 | 1 |
_aالعمري، حسين بن عبد الله _eمؤلف. |
|
| 245 | 1 | 0 |
_aمئة عام من تاريخ اليمن الحديث (1161-1264 / 1748-1848) / _cحسين عبد الله العمري. |
| 250 | _aالطبعة الثانية. | ||
| 264 | 1 |
_aدمشق : _bدار الفكر للطباعة والتوزيع والنشر، _c1988 |
|
| 300 |
_a418 صفحة ؛ _c24 سم |
||
| 336 |
_aنص _btxt _2rdacontent _3كتاب |
||
| 337 |
_aبدون وسيط _bn _2rdamedia |
||
| 338 |
_aمجلد _bnc _2rdacarrier |
||
| 651 | 7 |
_aاليمن _xتاريخ _2aucsh |
|
| 651 | 7 |
_aاليمن _xتاريخ _yقرن 20 _2aucsh |
|
| 942 |
_2ddc _cBOOK _n0 |
||
| 949 |
_aSA-JeALM _d250501 _umohamedma123 _n1 |
||
| 999 |
_c7644 _d7644 |
||